00886na a2200241 450000100060000000300080000600500170001400800410003102000150007204000250008704100080011208200270012009000250014710000180017224500410019026001130023130000240034444001230036865000180049194200130050995201070052299900150062918860MIRAKIL20181213155048.0161202b tu 000 0  a9757565083 aMilasbturcTR-AnCHP atur a353.920922 bA42i 1990 a353.920922 A42i 1990 aAldan, Mehmet aİz bırakan mülki idare amirleri aAnkarabTC İçişleri Bakanlığı Araştırma, Planlama ve Koordinasyon Kurulu Başkanlığıc1990 aVII, 560 s.c24 sm. aTC İçişleri BakanlığıpAraştırma, Planlama ve Koordinasyon Kurulu Başkanlığıvyayın no genel : 438 aMülki idare 2ddccBKS a0001b0001d2016-12-02e2l0o353.920922 A42i 1990p010093r2016-12-02 00:00:00v0.00w2016-12-02yBKS c5816d5816